000 01140cam a22002894a 4500
999 _c219595
_d219595
001 15523644
003 Nust
005 20170215092118.0
008 081114s2009 nyub 000 1 eng
010 _a 2008049212
020 _a9780007321681
040 _aDLC
_cDLC
_dDLC
041 1 _aeng
_hswe
050 0 0 _aPT9876.17.U38
_bV3413 2009
082 0 0 _a839.7374
_bGUI
100 1 _aGuillou, Jan,
_d1944-
240 1 0 _aVägen till Jerusalem.
_lEnglish
245 1 4 _aThe road to Jerusalem /
_cJan Guillou ; translated from the Swedish by Steven T. Murray.
250 _a1st ed.
260 _aNew York :
_bHarper,
_c2009.
300 _avii, 383 p. :
_bmap ;
_c24 cm.
490 0 _aThe Crusades trilogy ;
_vbk. 1
651 0 _aVästergötland (Sweden)
_xHistory
_vFiction.
700 1 _aMurray, Steven T.
906 _a7
_bcbc
_corignew
_d1
_eecip
_f20
_gy-gencatlg
942 _2ddc
_cBK